[Event "ESP-ch U12"]
[Site "Salobrena"]
[Date "2023.07.15"]
[Round "9"]
[White "Kozlova, Ekaterina I"]
[Black "Nechifor, David"]
[Result "1-0"]
[WhiteElo "1222"]
[BlackElo "1688"]
[PlyCount "103"]
[EventDate "2023.07.10"]
[EventType "swiss"]
[EventRounds "9"]
[EventCountry "ESP"]
[SourceTitle "EXT 2024"]
[Source "ChessBase"]
[SourceDate "2023.10.10"]
[SourceVersion "1"]
[SourceVersionDate "2023.10.10"]
[SourceQuality "1"]

1. e4 c5 2. Nf3 d6 3. Bb5+ Bd7 4. Bxd7+ Nxd7 5. 0-0 Ngf6 6. Re1 e6 7. d4 Be7 8. e5 dxe5 9. dxe5 Nd5 10. Nbd2 0-0 11. Ne4 N7b6 12. b3 Nb4 13. Nd6 Qc7 14. Ng5 Bxd6 15. exd6 Qd8 16. c4 Qf6 17. Be3 Na6 18. Ne4 Qf5 19. Qf3 Qxf3 20. gxf3 Nd7 21. a3 b6 22. Reb1 Nab8 23. b4 cxb4 24. axb4 Nc6 25. c5 b5 26. Nd2 f5 27. f4 a6 28. Nf3 h6 29. Nd4 Nxd4 30. Bxd4 Rfc8 31. Rc1 Rc6 32. Ra5 Rcc8 33. c6 Nb8 34. c7 Kf7 35. Kg2 Nd7 36. Rc6 g5 37. fxg5 hxg5 38. Rcxa6 Rxa6 39. Rxa6 e5 40. Bc5 Ke6 41. Ra5 Kd5 42. Rxb5 Kc6 43. Ra5 Kb7 44. Ra7+ Kc6 45. Kf3 Kb5 46. Ke3 Kc6 47. Kd3 e4+ 48. Kd4 Re8 49. b5+ Kxb5 50. c8Q Rxc8 51. Rxd7 Rxc5 52. Rb7+ 1-0

[Event "ESP-ch U12"]
[Site "Salobrena"]
[Date "2023.07.11"]
[Round "3"]
[White "Pallares Jover, Adrian"]
[Black "Nechifor, David"]
[Result "1-0"]
[WhiteElo "1512"]
[BlackElo "1688"]
[PlyCount "97"]
[EventDate "2023.07.10"]
[EventType "swiss"]
[EventRounds "9"]
[EventCountry "ESP"]
[SourceTitle "EXT 2024"]
[Source "ChessBase"]
[SourceDate "2023.10.10"]
[SourceVersion "1"]
[SourceVersionDate "2023.10.10"]
[SourceQuality "1"]

1. e4 c5 2. c3 d5 3. exd5 Qxd5 4. d4 Nf6 5. Nf3 e6 6. Be2 Nc6 7. 0-0 Be7 8. Bf4 0-0 9. Na3 Qd8 10. Nc4 Nd5 11. Qd2 b6 12. Rad1 Bb7 13. dxc5 Bxc5 14. b4 Be7 15. b5 Na5 16. Nxa5 bxa5 17. Bg3 Bf6 18. Ne5 Bh4 19. c4 Bxg3 20. hxg3 Nf6 21. Qe3 Qc7 22. g4 h6 23. a4 Rfc8 24. f3 Qb6 25. Qxb6 axb6 26. Nd7 Nxd7 27. Rxd7 Rab8 28. Rfd1 Kf8 29. Kf2 Ke8 30. Ke3 Rd8 31. Rc7 Rxd1 32. Bxd1 Bc8 33. Bc2 Bd7 34. Kd4 Kd8 35. Ra7 Kc8 36. Be4 g6 37. c5 f5 38. gxf5 gxf5 39. Bd3 bxc5+ 40. Kxc5 Rb7 41. Ra8+ Kc7 42. Rxa5 h5 43. Ra6 h4 44. Rd6 e5 45. b6+ Kc8 46. Ba6 Bxa4 47. Rh6 Be8 48. Rh8 Kd8 49. Bxb7 1-0